000 00441nam a2200193Ia 4500
005 20250603144557.0
008 250603s9999 xx 000 0 und d
020 _a9780415684163
050 _aQH 506 .I4815/
100 _aAlexander McLennan ... [et al.].
245 0 _aBiology
250 _a4th ed.
260 _aNew York
260 _b Garland Science
260 _c 2013
300 _a382 p
650 _aNew York
942 _cBK
999 _c39330
_d39330